00722nam a2200193Ia 4500001000700000008004100007020001800048082001400066100003600080245015500116260002000271300001100291503002900302504003400331650003100365650002100396650006500417700004600482Z_5153220601s9999 xx 000 0 und d a968-884-860-3 a633.2 G66 aGonzález Embarcadero, Antonia aDistribución de especies hojosas de pastizal en la República Mexicana : parte II / Antonia González Embarcadero y Berta Rodríguez Castañeda aMéxico : UACh a238 p. aej.1: - ej.3: Donación aBiblbiografía: p. 237 - 238 a1. Pastizales - México  aFitogeografía  aPlantas forrajeras - México - Distribución geográfica  aRodríguez Castañeda, Berta, coaut.Ì